COMERCIALIZACION CREATIVA (Registro nro. 44031)
[ vista simple ]
| 000 -LEADER | |
|---|---|
| fixed length control field | 01070nam a2200217 a 4500 |
| 001 - CONTROL NUMBER | |
| control field | 44031 |
| 005 - DATE AND TIME OF LATEST TRANSACTION | |
| control field | 20180714022741.0 |
| 008 - FIXED-LENGTH DATA ELEMENTS--GENERAL INFORMATION | |
| fixed length control field | 140415s1988 mx 000 0 spa d |
| 020 ## - INTERNATIONAL STANDARD BOOK NUMBER | |
| International Standard Book Number | 9682606624 |
| 041 ## - LANGUAGE CODE | |
| Language code of text/sound track or separate title | spa |
| 082 ## - DEWEY DECIMAL CLASSIFICATION NUMBER | |
| Classification number | 658.83 |
| Item number | LEV |
| 100 1# - MAIN ENTRY--PERSONAL NAME | |
| Personal name | LEVITT, THEODORE |
| 245 10 - TITLE STATEMENT | |
| Title | COMERCIALIZACION CREATIVA |
| 250 ## - EDITION STATEMENT | |
| Edition statement | 1a ed. |
| 260 ## - PUBLICATION, DISTRIBUTION, ETC. | |
| Place of publication, distribution, etc. | MEXICO : |
| Name of publisher, distributor, etc. | COMPAÑIA EDITORIAL CONTINENTAL, |
| Date of publication, distribution, etc. | 1988 |
| 300 ## - PHYSICAL DESCRIPTION | |
| Extent | 191 |
| Dimensions | x 16.5 x 23 |
| 520 ## - SUMMARY, ETC. | |
| Summary, etc. | ESTE LIBRO CONTINUA LA CORRIENTE DE TRABAJO DE MI LIBRO PREVIO MAS RECIENT, MARKETING FOR BUSINESS GROWTH. LOS CAPITULOS EN ESTE NUEVO LIBRO NO PRETENDEN DECIR A LA GENTE COMO PENSAR CORRECTA O CREATIVAMENTE. SOLO SE OCUPAN DE CIERTOS ASUNTOS IMPORTANTES MEDIANTE FORMAS QUE NO UTILIZAN LOS LIBROS DE TEXT, NI LOS LIBROS QUE DICEN COMO AHCER LAS COSAS NI LA MAYORIA DE LOS PROFESORES Y CONSULTORES. ESTAS FORMAS SE APLICAN A TODO TIPO DE NEGOCIOS Y EMPRESAS. |
| 650 14 - SUBJECT ADDED ENTRY--TOPICAL TERM | |
| Topical term or geographic name entry element | CIENCIAS ADMINISTRATIVAS |
| General subdivision | MERCADOTECNIA |
| 700 1# - ADDED ENTRY--PERSONAL NAME | |
| Personal name | DR.JORGE GUTIERREZ VILLAREAL |
| Relator term | tr. |
| 740 ## - ADDED ENTRY--UNCONTROLLED RELATED/ANALYTICAL TITLE | |
| Uncontrolled related/analytical title | THE MARKETING IMAGINATION |
| Withdrawn status | Lost status | Source of classification or shelving scheme | Damaged status | Not for loan | Collection code | Home library | Current library | Shelving location | Date acquired | Source of acquisition | Inventory number | Total Checkouts | Full call number | Barcode | Date last seen | Price effective from | Koha item type | Date last checked out |
|---|---|---|---|---|---|---|---|---|---|---|---|---|---|---|---|---|---|---|
| Dewey Decimal Classification | General | Biblioteca Karol Wojtyla | Biblioteca Karol Wojtyla | Sala general | 03/12/2013 | Compra | 151000000000000000029863 | 658.83 LEV | 66179 | 05/01/2026 | 03/12/2013 | Libro | ||||||
| Dewey Decimal Classification | General | Biblioteca Karol Wojtyla | Biblioteca Karol Wojtyla | Sala general | 03/12/2013 | Compra | 151000000000000000029864 | 658.83 LEV | 72938 | 05/01/2026 | 03/12/2013 | Libro | 04/02/2016 |